<?xml version="1.0" encoding="UTF-8"?>
<collection xmlns="http://www.loc.gov/MARC21/slim">
 <record>
  <leader>01281cam a2200253 7i4500</leader>
  <controlfield tag="001">0000107224</controlfield>
  <controlfield tag="005">20131205090000.0</controlfield>
  <controlfield tag="008">131204s2007    my                  eng   </controlfield>
  <datafield tag="020" ind1="0" ind2="0">
   <subfield code="a">9839119486 </subfield>
  </datafield>
  <datafield tag="090" ind1="0" ind2="0">
   <subfield code="a">TD 1052 .M3 </subfield>
   <subfield code="b">M3 2007</subfield>
  </datafield>
  <datafield tag="110" ind1="1" ind2="0">
   <subfield code="a">Malaysia. Ministry of Natural Resources and Environment</subfield>
  </datafield>
  <datafield tag="245" ind1="0" ind2="0">
   <subfield code="a">Environmental impact assessment guidelines for toxic and hazardous waste treatment and disposal projects  </subfield>
   <subfield code="c">Ministry of Natural Resources and Environment.</subfield>
  </datafield>
  <datafield tag="246" ind1="0" ind2="3">
   <subfield code="a">Environmental impact assessment guidelines for: </subfield>
   <subfield code="b">toxic and hazardous waste treatment and disposal projects.</subfield>
  </datafield>
  <datafield tag="250" ind1="0" ind2="0">
   <subfield code="a">3rd ed..</subfield>
  </datafield>
  <datafield tag="260" ind1="0" ind2="0">
   <subfield code="a">Putrajaya, Malaysia: </subfield>
   <subfield code="b">Department of Environment, Ministry of Natural Resources and Environment, </subfield>
   <subfield code="c">2007.</subfield>
  </datafield>
  <datafield tag="300" ind1=" " ind2=" ">
   <subfield code="a">1v. (various pagings): </subfield>
   <subfield code="b">ill.; </subfield>
   <subfield code="c">30 cm..</subfield>
  </datafield>
  <datafield tag="500" ind1="0" ind2="0">
   <subfield code="a">Cover: EG 13/95</subfield>
  </datafield>
  <datafield tag="590" ind1=" " ind2=" ">
   <subfield code="a">PPDSNZ</subfield>
  </datafield>
  <datafield tag="650" ind1="0" ind2="0">
   <subfield code="a">Environmental impact analysis -- </subfield>
   <subfield code="z">Malaysia </subfield>
  </datafield>
  <datafield tag="650" ind1="0" ind2="0">
   <subfield code="a">Hazardous waste sites -- </subfield>
   <subfield code="x">Management -- </subfield>
   <subfield code="z">Malaysia </subfield>
  </datafield>
  <datafield tag="650" ind1="0" ind2="0">
   <subfield code="a">Hazardous wastes -- </subfield>
   <subfield code="x">Environmental aspects -- </subfield>
   <subfield code="z">Malaysia </subfield>
  </datafield>
  <datafield tag="710" ind1="2" ind2="1">
   <subfield code="a">Malaysia. Department of Environment. Ministry of Natural Resources and Environment </subfield>
  </datafield>
  <datafield tag="740" ind1="0" ind2="0">
   <subfield code="a">EIA guidelines for toxic and hazardous waste treatment and disposal projects</subfield>
  </datafield>
  <datafield tag="999" ind1=" " ind2=" ">
   <subfield code="a">1100090668</subfield>
   <subfield code="b">Book</subfield>
   <subfield code="c">Rujukan</subfield>
   <subfield code="e">KOLEKSI RUJUKAN</subfield>
  </datafield>
 </record>
</collection>
